Представление документа в формате MARC21

Поле Инд. ПП Название Значение
Тип записи a
Библиографический уровень b
001 Контрольный номер RU/IS/BASE/140276887
005 Дата корректировки 20200630193157.7
084 a Индекс другой классификации/Индекс ББК 65.9(2Рос-6Кар)
a Индекс другой классификации/Индекс ББК 65.049(2Рос)6в6
097 00 a 750
100 10 a Автор Дружинин П. В.
q Полное имя Дружинин Павел Васильевич
245 00 a Заглавие Проблемы развития экономики Карелии
504 00 a Библиография Примеч. - Лит.: с. 59
520 00 a Аннотация На примере Республики Карелия "рассматриваются проблемы приграничных регионов, исследуется изменение структуры их экономики в ходе реформ и анализируются факторы, влияющие на эффективность производства."
650 a Основная рубрика региональная экономика
a Основная рубрика экономика
653 00 a Ключевые слова импорт продукции
a Ключевые слова инвестиционные проекты
a Ключевые слова иностранные инвестиции
a Ключевые слова Карелия (Республика Карелия)
a Ключевые слова лесопромышленный комплекс
a Ключевые слова малое предпринимательство
a Ключевые слова международное сотрудничество
a Ключевые слова приграничные регионы
a Ключевые слова промышленное производство
a Ключевые слова регионы России
a Ключевые слова реформирование экономики
a Ключевые слова Россия
a Ключевые слова совместные предприятия
a Ключевые слова социально-экономическое развитие
a Ключевые слова экономические реформы
a Ключевые слова экономическое прогнозирование
a Ключевые слова экспорт сырья
773 00 t Заглавие источника Проблемы прогнозирования
d Дата издания источника 2000
g Прочая информация № 4. - С. 51 - 59
w Контрольный № источника RU/IS/BASE/142087671
901 t Тип документа b